000 00642nam a2200181Ia 4500
008 090630s9999 xx 000 0 und d
082 _b22164
100 _aबेलसरे के. वि.
245 _aभगवंताचे अनुसंधान.
_cबेलसरे के. वि.
260 _bत्रदिल.
_c1993
300 _a0
600 _aबेलसरे के. वि.
630 _aभगवंताचे अनुसंधान.
655 _aधार्मिक.
700 _aबेलसरे के. वि.
730 _aभगवंताचे अनुसंधान.
942 _cBOOK
999 _c274020
_d274020